000 00529nam a2200217Ia 4500
003 OSt
005 20220924133931.0
006 a|||||r|||| 00| 0
007 ta
008 220923b |||||||| |||| 00| 0 snd d
024 _a271169
037 _cTextual
040 _aARTS
_cARTS
_bsnd
041 _2snd
_asnd
082 _a/\2xM79:6z61, 1593K01
100 _aVaswani
245 0 _aPushpanjali
260 _c1960
942 _h/\2xM79:6z61, 1593K01
_cTEXL
_2CC
999 _c435791
_d435791